[Event "Team men PL"]
[Site "Sochi"]
[Date "2020.11.21"]
[Round "3.14"]
[White "Alekseev, Evgeny"]
[Black "Shubin, Kirill"]
[Result "1-0"]
[BlackElo "2441"]
[WhiteElo "2615"]
[LiveChessVersion "1.4.8"]

1.Nf3 {[%clk 1:30:55]} Nf6 {[%clk 1:30:56]} 2.c4 {[%clk 1:31:15]}
b6 {[%clk 1:31:23]} 3.g3 {[%clk 1:29:58]} Bb7 {[%clk 1:31:36]}
4.Bg2 {[%clk 1:30:05]} e6 {[%clk 1:32:03]} 5.O-O {[%clk 1:29:13]}
Be7 {[%clk 1:32:14]} 6.d4 {[%clk 1:23:59]} O-O {[%clk 1:32:36]}
7.Re1 {[%clk 1:22:48]} Na6 {[%clk 1:32:48]} 8.a3 {[%clk 1:22:24]}
d5 {[%clk 1:33:07]} 9.cxd5 {[%clk 1:18:50]} exd5 {[%clk 1:32:42]}
10.Nc3 {[%clk 1:14:18]} c5 {[%clk 1:29:33]} 11.Bf4 {[%clk 0:56:51]}
Ne4 {[%clk 1:21:34]} 12.Rc1 {[%clk 0:51:41]} Bf6 {[%clk 1:16:29]}
13.Be5 {[%clk 0:50:03]} Re8 {[%clk 1:15:29]} 14.e3 {[%clk 0:45:15]}
Nc7 {[%clk 1:03:46]} 15.Bxf6 {[%clk 0:42:31]} Qxf6 {[%clk 1:03:53]}
16.dxc5 {[%clk 0:41:12]} bxc5 {[%clk 1:02:02]} 17.Nxe4 {[%clk 0:39:34]}
dxe4 {[%clk 1:02:30]} 18.Nd2 {[%clk 0:39:56]} Ne6 {[%clk 1:02:26]}
19.Nxe4 {[%clk 0:32:16]} Bxe4 {[%clk 1:02:10]} 20.Bxe4 {[%clk 0:32:41]}
Rab8 {[%clk 1:02:08]} 21.b3 {[%clk 0:32:31]} Qb2 {[%clk 0:59:46]}
22.Qc2 {[%clk 0:26:50]} Rxb3 {[%clk 0:59:37]} 23.Bxh7+ {[%clk 0:26:33]}
Kh8 {[%clk 1:00:00]} 24.Qxb2 {[%clk 0:24:58]} Rxb2 {[%clk 1:00:08]}
25.Bf5 {[%clk 0:23:38]} Ng5 {[%clk 1:00:28]} 26.Kg2 {[%clk 0:23:32]}
Re5 {[%clk 0:58:14]} 27.Rb1 {[%clk 0:19:50]} Rxb1 {[%clk 0:57:28]}
28.Bxb1 {[%clk 0:20:11]} Re7 {[%clk 0:57:31]} 29.Rc1 {[%clk 0:19:13]}
Rc7 {[%clk 0:57:50]} 30.f4 {[%clk 0:18:02]} Ne6 {[%clk 0:58:16]}
31.Ba2 {[%clk 0:15:21]} Nf8 {[%clk 0:58:42]} 32.Kf3 {[%clk 0:14:25]}
g6 {[%clk 0:58:58]} 33.a4 {[%clk 0:13:05]} Kg7 {[%clk 0:59:12]}
34.a5 {[%clk 0:12:53]} Nd7 {[%clk 0:59:14]} 35.g4 {[%clk 0:07:31]}
Kf8 {[%clk 0:59:10]} 36.g5 {[%clk 0:07:02]} Ke7 {[%clk 0:59:24]}
37.Bd5 {[%clk 0:06:21]} f6 {[%clk 0:58:59]} 38.h4 {[%clk 0:06:37]}
Kd6 {[%clk 0:58:15]} 39.Be4 {[%clk 0:05:57]} f5 {[%clk 0:58:30]}
40.Bd3 {[%clk 0:36:12]} Ke6 {[%clk 1:28:34]} 41.Bc4+ {[%clk 0:35:18]} 1-0

[Event "Team men PL"]
[Site "Sochi"]
[Date "2020.11.21"]
[Round "3.15"]
[White "Usmanov, Vasily"]
[Black "Kokarev, Dmitry"]
[Result "1/2-1/2"]
[BlackElo "2621"]
[WhiteElo "2442"]
[LiveChessVersion "1.4.8"]

1.d4 {[%clk 1:30:57]} Nf6 {[%clk 1:30:50]} 2.g3 {[%clk 1:31:23]}
g6 {[%clk 1:30:01]} 3.Bg2 {[%clk 1:31:48]} c5 {[%clk 1:30:16]}
4.d5 {[%clk 1:32:01]} b5 {[%clk 1:28:06]} 5.a4 {[%clk 1:32:14]}
b4 {[%clk 1:28:14]} 6.e4 {[%clk 1:26:23]} d6 {[%clk 1:28:20]}
7.c4 {[%clk 1:24:19]} bxc3 {[%clk 1:27:58]} 8.bxc3 {[%clk 1:22:45]}
Bg7 {[%clk 1:25:58]} 9.Nd2 {[%clk 1:19:00]} Ba6 {[%clk 1:22:37]}
10.Bf1 {[%clk 1:17:52]} Qa5 {[%clk 1:16:02]} 11.Ra3 {[%clk 1:02:32]}
O-O {[%clk 1:15:51]} 12.Ngf3 {[%clk 1:03:00]} Re8 {[%clk 0:52:00]}
13.Bxa6 {[%clk 0:48:23]} Qxa6 {[%clk 0:52:19]} 14.c4 {[%clk 0:47:49]}
e6 {[%clk 0:52:37]} 15.O-O {[%clk 0:47:20]} exd5 {[%clk 0:53:01]}
16.exd5 {[%clk 0:47:34]} Nbd7 {[%clk 0:53:22]} 17.Bb2 {[%clk 0:45:23]}
Rab8 {[%clk 0:51:55]} 18.Bc3 {[%clk 0:45:51]} Ng4 {[%clk 0:41:18]}
19.Bxg7 {[%clk 0:34:43]} Kxg7 {[%clk 0:41:41]} 20.Nd4 {[%clk 0:34:34]}
Nxh2 {[%clk 0:35:27]} 21.Nf5+ {[%clk 0:34:51]} gxf5 {[%clk 0:35:49]}
22.Kxh2 {[%clk 0:35:15]} Ne5 {[%clk 0:26:35]} 23.Qh5 {[%clk 0:31:22]}
Nxc4 {[%clk 0:24:15]} 24.Qg5+ {[%clk 0:31:41]} Kf8 {[%clk 0:23:15]}
25.Qh6+ {[%clk 0:30:17]} Kg8 {[%clk 0:23:06]} 26.Qg5+ {[%clk 0:04:04]}
Kf8 {[%clk 0:23:23]} 27.Qh6+ {[%clk 0:04:30]} Kg8 {[%clk 0:23:46]}
28.Qg5+ {[%clk 0:04:53]} Kf8 {[%clk 0:24:09]} 29.Qh6+ {[%clk 0:05:20]}
Kg8 {[%clk 0:24:32]} 30.Qg5+ {[%clk 0:01:32]} 1/2-1/2

[Event "Team men PL"]
[Site "Sochi"]
[Date "2020.11.21"]
[Round "3.16"]
[White "Makarian, Rudik"]
[Black "Pershin, Denis"]
[Result "1/2-1/2"]
[BlackElo "2387"]
[WhiteElo "2441"]
[LiveChessVersion "1.4.8"]

1.d4 {[%clk 1:30:56]} Nf6 {[%clk 1:30:54]} 2.c4 {[%clk 1:31:20]}
e6 {[%clk 1:31:20]} 3.Nf3 {[%clk 1:31:46]} d5 {[%clk 1:31:44]}
4.Nc3 {[%clk 1:31:57]} a6 {[%clk 1:32:01]} 5.cxd5 {[%clk 1:31:10]}
exd5 {[%clk 1:32:25]} 6.Qc2 {[%clk 1:31:38]} Be6 {[%clk 1:28:20]}
7.Bf4 {[%clk 1:29:45]} Bd6 {[%clk 1:28:19]} 8.e3 {[%clk 1:30:10]}
O-O {[%clk 1:24:38]} 9.Bd3 {[%clk 1:27:58]} Bxf4 {[%clk 1:22:34]}
10.exf4 {[%clk 1:28:21]} Nc6 {[%clk 1:18:39]} 11.f5 {[%clk 0:54:55]}
Bd7 {[%clk 1:13:16]} 12.O-O {[%clk 0:54:45]} Qe7 {[%clk 0:43:43]}
13.Rae1 {[%clk 0:45:22]} Qd6 {[%clk 0:43:05]} 14.Qd2 {[%clk 0:45:48]}
Rfe8 {[%clk 0:40:55]} 15.a3 {[%clk 0:40:34]} Re7 {[%clk 0:35:41]}
16.h3 {[%clk 0:29:13]} Rae8 {[%clk 0:35:43]} 17.Rxe7 {[%clk 0:29:33]}
Rxe7 {[%clk 0:34:05]} 18.Re1 {[%clk 0:29:42]} Nh5 {[%clk 0:12:07]}
19.Rxe7 {[%clk 0:19:38]} Nxe7 {[%clk 0:12:30]} 20.g4 {[%clk 0:17:41]}
Nf4 {[%clk 0:09:49]} 21.Bf1 {[%clk 0:17:44]} f6 {[%clk 0:08:50]}
22.Qe3 {[%clk 0:13:21]} h5 {[%clk 0:05:56]} 23.Ne2 {[%clk 0:11:12]}
Nxe2+ {[%clk 0:06:00]} 24.Bxe2 {[%clk 0:11:39]} hxg4 {[%clk 0:05:53]}
25.hxg4 {[%clk 0:11:56]} Kf7 {[%clk 0:05:41]} 26.b4 {[%clk 0:11:21]}
Nc6 {[%clk 0:03:10]} 27.Bd1 {[%clk 0:10:33]} Ne7 {[%clk 0:02:06]}
28.Bc2 {[%clk 0:09:11]} Qc6 {[%clk 0:01:23]} 29.Bb3 {[%clk 0:08:17]}
Qd6 {[%clk 0:01:09]} 30.Nh4 {[%clk 0:06:11]} Kf8 {[%clk 0:01:20]}
31.Ng2 {[%clk 0:06:22]} a5 {[%clk 0:01:00]} 32.Nf4 {[%clk 0:05:33]}
axb4 {[%clk 0:01:18]} 33.axb4 {[%clk 0:05:58]} Qxb4 {[%clk 0:01:09]}
34.Bxd5 {[%clk 0:03:47]} Nxd5 {[%clk 0:00:53]} 35.Nxd5 {[%clk 0:04:09]}
Qd6 {[%clk 0:00:37]} 36.Nf4 {[%clk 0:04:16]} Be8 {[%clk 0:00:45]}
37.Ne6+ {[%clk 0:02:28]} Kf7 {[%clk 0:01:13]} 38.Qb3 {[%clk 0:02:40]}
Qb6 {[%clk 0:00:41]} 39.Qc4 {[%clk 0:03:01]} Ke7 {[%clk 0:00:34]}
40.Nxc7 {[%clk 0:31:20]} Qb1+ {[%clk 0:30:34]} 41.Kg2 {[%clk 0:22:20]}
Bc6+ {[%clk 0:20:15]} 42.d5 {[%clk 0:21:54]} Bd7 {[%clk 0:20:39]}
43.Ne6 {[%clk 0:15:26]} Qb5 {[%clk 0:20:50]} 44.Qe4 {[%clk 0:15:27]}
Kd6 {[%clk 0:20:42]} 45.Qf4+ {[%clk 0:14:25]} Ke7 {[%clk 0:20:25]}
46.Qe4 {[%clk 0:14:54]} Kd6 {[%clk 0:20:47]} 47.Nf4 {[%clk 0:12:02]}
Qc5 {[%clk 0:20:23]} 48.Qb1 {[%clk 0:11:23]} b5 {[%clk 0:15:39]}
49.Qa1 {[%clk 0:11:17]} Qc4 {[%clk 0:08:12]} 50.Qa7 {[%clk 0:10:03]}
Qc7 {[%clk 0:05:21]} 51.Qa8 {[%clk 0:09:50]} Ke5 {[%clk 0:04:29]}
52.Ne6 {[%clk 0:07:49]} Qc4 {[%clk 0:03:48]} 53.Kg3 {[%clk 0:06:04]}
Qc3+ {[%clk 0:03:41]} 54.Kh4 {[%clk 0:05:49]} b4 {[%clk 0:01:37]}
55.Qb7 {[%clk 0:03:35]} b3 {[%clk 0:00:56]} 56.Qxd7 {[%clk 0:03:08]}
b2 {[%clk 0:01:25]} 57.Qb5 {[%clk 0:01:52]} Qc1 {[%clk 0:01:33]}
58.Qb8+ {[%clk 0:00:47]} Ke4 {[%clk 0:00:51]} 59.Qb4+ {[%clk 0:00:45]}
Kf3 {[%clk 0:00:43]} 60.Qb3+ {[%clk 0:00:43]} Kg2 {[%clk 0:00:57]}
61.Qg3+ {[%clk 0:00:39]} Kf1 {[%clk 0:01:25]} 62.Qd3+ {[%clk 0:00:42]}
Kg2 {[%clk 0:00:43]} 63.Qg3+ {[%clk 0:00:56]} Kf1 {[%clk 0:01:07]}
64.Qd3+ {[%clk 0:01:19]} Kg2 {[%clk 0:01:23]} 65.Qe4+ {[%clk 0:00:38]}
Kxf2 {[%clk 0:00:44]} 66.Nf4 {[%clk 0:00:46]} Qd2 {[%clk 0:00:32]}
67.Nd3+ {[%clk 0:00:34]} Kg1 {[%clk 0:00:31]} 68.Qd4+ {[%clk 0:00:45]}
Kf1 {[%clk 0:00:45]} 69.Qxb2 {[%clk 0:00:57]} Qh6+ {[%clk 0:01:09]}
70.Kg3 {[%clk 0:01:24]} Qe3+ {[%clk 0:01:33]} 1/2-1/2

[Event "Team men PL"]
[Site "Sochi"]
[Date "2020.11.21"]
[Round "3.17"]
[White "Timerkhanov, Alexander"]
[Black "Petrov, Nikita"]
[Result "1/2-1/2"]
[BlackElo "2577"]
[WhiteElo "2379"]
[LiveChessVersion "1.4.8"]

1.d4 {[%clk 1:30:56]} d5 {[%clk 1:30:50]} 2.Bf4 {[%clk 1:31:13]}
Nf6 {[%clk 1:29:49]} 3.e3 {[%clk 1:30:58]} c5 {[%clk 1:28:13]}
4.c3 {[%clk 1:30:07]} Nc6 {[%clk 1:28:35]} 5.Nd2 {[%clk 1:30:23]}
e6 {[%clk 1:28:03]} 6.Ngf3 {[%clk 1:30:36]} Bd6 {[%clk 1:28:24]}
7.Bg3 {[%clk 1:30:50]} O-O {[%clk 1:28:42]} 8.Bd3 {[%clk 1:31:14]}
b6 {[%clk 1:28:36]} 9.Qe2 {[%clk 1:31:35]} Bb7 {[%clk 1:28:25]}
10.Rd1 {[%clk 1:31:38]} g6 {[%clk 1:28:22]} 11.O-O {[%clk 1:25:22]}
Bxg3 {[%clk 1:18:49]} 12.hxg3 {[%clk 1:23:55]} Qc7 {[%clk 1:18:12]}
13.e4 {[%clk 1:01:59]} dxe4 {[%clk 1:13:29]} 14.Nxe4 {[%clk 1:02:22]}
Nxe4 {[%clk 1:13:51]} 15.Bxe4 {[%clk 1:02:47]} cxd4 {[%clk 1:08:30]}
16.Nxd4 {[%clk 1:03:11]} Nxd4 {[%clk 1:07:00]} 17.Rxd4 {[%clk 1:03:35]}
Rad8 {[%clk 1:06:54]} 18.Rfd1 {[%clk 1:02:59]} Rxd4 {[%clk 1:07:12]}
19.Rxd4 {[%clk 1:03:22]} Bxe4 {[%clk 1:07:38]} 20.Qxe4 {[%clk 1:03:42]}
Rd8 {[%clk 1:07:24]} 21.Qd3 {[%clk 1:03:21]} Rxd4 {[%clk 1:07:48]}
22.Qxd4 {[%clk 1:03:48]} e5 {[%clk 1:06:04]} 23.Qd5 {[%clk 1:03:56]}
Qe7 {[%clk 1:02:34]} 24.a4 {[%clk 1:00:48]} Qg5 {[%clk 1:01:45]}
25.Qa8+ {[%clk 0:56:50]} Kg7 {[%clk 1:02:11]} 26.Qxa7 {[%clk 0:57:14]}
Qc1+ {[%clk 1:02:38]} 27.Kh2 {[%clk 0:57:38]} Qh6+ {[%clk 1:03:06]}
28.Kg1 {[%clk 0:58:03]} Qc1+ {[%clk 1:03:34]} 29.Kh2 {[%clk 0:58:26]}
Qh6+ {[%clk 1:04:02]} 30.Kg1 {[%clk 0:58:45]} Qc1+ {[%clk 1:04:28]}
31.Kh2 1/2-1/2

[Event "Team men PL"]
[Site "Sochi"]
[Date "2020.11.21"]
[Round "3.18"]
[White "Zakhartsov, Vladimir"]
[Black "Saveliev, Alexei"]
[Result "1-0"]
[BlackElo "2363"]
[WhiteElo "2484"]
[LiveChessVersion "1.4.8"]

1.d4 {[%clk 1:30:57]} Nf6 {[%clk 1:30:54]} 2.c4 {[%clk 1:31:19]}
e6 {[%clk 1:31:19]} 3.Nc3 {[%clk 1:31:44]} Bb4 {[%clk 1:31:42]}
4.e3 {[%clk 1:32:08]} O-O {[%clk 1:31:06]} 5.Bd2 {[%clk 1:32:26]}
c5 {[%clk 1:28:10]} 6.a3 {[%clk 1:25:16]} Bxc3 {[%clk 1:27:19]}
7.Bxc3 {[%clk 1:25:40]} Ne4 {[%clk 1:27:24]} 8.Rc1 {[%clk 1:25:56]}
b6 {[%clk 1:13:21]} 9.Bd3 {[%clk 1:22:55]} Bb7 {[%clk 1:09:06]}
10.Bxe4 {[%clk 1:21:38]} Bxe4 {[%clk 1:09:31]} 11.d5 {[%clk 1:21:39]}
Qg5 {[%clk 0:49:39]} 12.Nh3 {[%clk 1:20:04]} Qh6 {[%clk 0:49:36]}
13.Nf4 {[%clk 1:18:11]} exd5 {[%clk 0:43:17]} 14.cxd5 {[%clk 1:14:37]}
Re8 {[%clk 0:35:06]} 15.Kf1 {[%clk 1:08:07]} d6 {[%clk 0:33:16]}
16.h4 {[%clk 1:07:40]} f6 {[%clk 0:22:31]} 17.Rh3 {[%clk 1:03:37]}
Nd7 {[%clk 0:21:19]} 18.Bd2 {[%clk 0:49:33]} Ne5 {[%clk 0:14:31]}
19.f3 {[%clk 0:49:24]} Bd3+ {[%clk 0:11:39]} 20.Kg1 {[%clk 0:49:17]}
f5 {[%clk 0:10:45]} 21.Ne6 {[%clk 0:41:10]} Rxe6 {[%clk 0:07:53]}
22.dxe6 {[%clk 0:41:32]} Qxe6 {[%clk 0:08:19]} 23.Bc3 {[%clk 0:40:48]}
Bb5 {[%clk 0:07:00]} 24.Rg3 {[%clk 0:37:17]} Re8 {[%clk 0:07:07]}
25.e4 {[%clk 0:35:05]} f4 {[%clk 0:04:04]} 26.Rg5 {[%clk 0:34:00]}
g6 {[%clk 0:04:24]} 27.Bxe5 {[%clk 0:30:17]} dxe5 {[%clk 0:04:48]}
28.g3 {[%clk 0:29:45]} Re7 {[%clk 0:02:36]} 29.Qd5 {[%clk 0:25:43]}
Qxd5 {[%clk 0:00:48]} 30.exd5 {[%clk 0:26:12]} Kf7 {[%clk 0:00:37]}
31.Re1 {[%clk 0:26:26]} Kf6 {[%clk 0:00:59]} 32.gxf4 {[%clk 0:26:29]}
exf4 {[%clk 0:01:28]} 33.Rxe7 {[%clk 0:25:55]} Kxe7 {[%clk 0:01:57]}
34.Rg4 {[%clk 0:25:19]} Bd3 {[%clk 0:01:45]} 35.Rxf4 {[%clk 0:24:40]}
Bf5 {[%clk 0:02:11]} 36.Kf2 {[%clk 0:23:09]} Kd6 {[%clk 0:01:55]}
37.Ke3 {[%clk 0:21:56]} Kxd5 {[%clk 0:01:29]} 38.h5 {[%clk 0:22:07]}
Ke5 {[%clk 0:00:38]} 39.Rh4 {[%clk 0:20:43]} b5 {[%clk 0:00:40]}
40.hxg6 {[%clk 0:50:50]} Bxg6 {[%clk 0:30:45]} 41.Rg4 {[%clk 0:49:28]}
a5 {[%clk 0:26:06]} 42.Rg5+ {[%clk 0:48:39]} Kd6 {[%clk 0:26:23]}
43.b4 {[%clk 0:46:14]} axb4 {[%clk 0:22:44]} 44.axb4 {[%clk 0:46:37]}
cxb4 {[%clk 0:22:50]} 45.Rxb5 {[%clk 0:47:05]} Bf7 {[%clk 0:22:51]}
46.Rxb4 {[%clk 0:46:45]} Ke5 {[%clk 0:23:17]} 47.Rb7 {[%clk 0:46:56]}
Bg6 {[%clk 0:23:43]} 48.Rb5+ {[%clk 0:47:10]} Kf6 {[%clk 0:24:08]}
49.Kf4 {[%clk 0:47:27]} Bf7 {[%clk 0:24:31]} 50.Rb6+ {[%clk 0:47:41]}
Be6 {[%clk 0:24:57]} 51.Ke4 {[%clk 0:47:51]} h5 {[%clk 0:25:01]}
52.f4 {[%clk 0:47:59]} Ke7 {[%clk 0:25:10]} 53.Ke5 {[%clk 0:48:15]}
Bd7 {[%clk 0:25:10]} 54.Rb7 {[%clk 0:48:26]} 1-0

[Event "Team men PL"]
[Site "Sochi"]
[Date "2020.11.21"]
[Round "3.19"]
[White "Andreikin, Dmitry"]
[Black "Artemiev, Vladislav"]
[Result "1/2-1/2"]
[BlackElo "2708"]
[WhiteElo "2726"]
[LiveChessVersion "1.4.8"]

1.d4 {[%clk 1:30:51]} d5 {[%clk 1:30:32]} 2.c4 {[%clk 1:31:14]}
dxc4 {[%clk 1:28:30]} 3.e3 {[%clk 1:29:04]} Nf6 {[%clk 1:25:36]}
4.Bxc4 {[%clk 1:29:20]} e6 {[%clk 1:25:57]} 5.Nf3 {[%clk 1:29:41]}
c5 {[%clk 1:25:54]} 6.O-O {[%clk 1:29:58]} a6 {[%clk 1:26:08]}
7.dxc5 {[%clk 1:28:20]} Bxc5 {[%clk 1:25:29]} 8.Qxd8+ {[%clk 1:28:15]}
Kxd8 {[%clk 1:25:49]} 9.Ne5 {[%clk 1:20:36]} Ke7 {[%clk 1:25:53]}
10.Be2 {[%clk 1:21:01]} Bd7 {[%clk 0:55:38]} 11.Bf3 {[%clk 1:08:09]}
Nc6 {[%clk 0:51:42]} 12.Nxc6+ {[%clk 1:05:14]} Bxc6 {[%clk 0:52:01]}
13.Bxc6 {[%clk 1:05:38]} bxc6 {[%clk 0:52:25]} 14.Nd2 {[%clk 1:05:46]}
a5 {[%clk 0:38:47]} 15.Nc4 {[%clk 1:03:53]} Rhd8 {[%clk 0:32:05]}
16.Bd2 {[%clk 0:45:07]} Bb4 {[%clk 0:32:28]} 17.Rad1 {[%clk 0:45:29]}
Bxd2 {[%clk 0:30:05]} 18.Rxd2 {[%clk 0:39:44]} Rxd2 {[%clk 0:25:25]}
19.Nxd2 {[%clk 0:40:05]} Rb8 {[%clk 0:25:30]} 20.Rb1 {[%clk 0:28:27]}
a4 {[%clk 0:14:14]} 21.Nc4 {[%clk 0:19:44]} Rb5 {[%clk 0:11:55]}
22.Rc1 {[%clk 0:17:11]} Rc5 {[%clk 0:05:58]} 23.Kf1 {[%clk 0:16:25]}
Ne4 {[%clk 0:05:28]} 24.Ke2 {[%clk 0:15:37]} Nd6 {[%clk 0:05:53]}
25.Kd3 {[%clk 0:14:51]} Rd5+ {[%clk 0:06:15]} 26.Ke2 {[%clk 0:15:05]}
Rc5 {[%clk 0:06:38]} 27.Kd3 {[%clk 0:15:29]} Rd5+ {[%clk 0:07:01]}
28.Ke2 {[%clk 0:15:53]} Rc5 {[%clk 0:07:10]} 29.Kd3 {[%clk 0:16:22]}
Rd5+ {[%clk 0:07:33]} 30.Ke2 {[%clk 0:16:49]} Rc5 {[%clk 0:07:57]}
31.Kd3 {[%clk 0:17:17]} 1/2-1/2

[Event "Team men PL"]
[Site "Sochi"]
[Date "2020.11.21"]
[Round "3.20"]
[White "Timofeev, Artyom"]
[Black "Dreev, Aleksey"]
[Result "1/2-1/2"]
[BlackElo "2655"]
[WhiteElo "2585"]
[LiveChessVersion "1.4.8"]

1.e4 {[%clk 1:30:38]} c6 {[%clk 1:30:55]} 2.d4 {[%clk 1:31:00]}
d5 {[%clk 1:31:20]} 3.exd5 {[%clk 1:31:22]} cxd5 {[%clk 1:31:45]}
4.Bd3 {[%clk 1:31:45]} Nc6 {[%clk 1:30:35]} 5.c3 {[%clk 1:31:58]}
Qc7 {[%clk 1:30:32]} 6.h3 {[%clk 1:31:41]} e6 {[%clk 1:23:05]}
7.Ne2 {[%clk 1:05:50]} Bd6 {[%clk 1:21:30]} 8.Be3 {[%clk 1:05:56]}
Nge7 {[%clk 1:12:25]} 9.Qd2 {[%clk 1:05:04]} Ng6 {[%clk 1:05:37]}
10.h4 {[%clk 1:02:18]} e5 {[%clk 1:04:19]} 11.h5 {[%clk 0:58:36]}
Nf4 {[%clk 1:00:51]} 12.Bxf4 {[%clk 0:58:55]} exf4 {[%clk 1:01:17]}
13.Qc2 {[%clk 0:59:02]} Qe7 {[%clk 0:47:18]} 14.Nd2 {[%clk 0:56:19]}
Qg5 {[%clk 0:47:09]} 15.O-O-O {[%clk 0:47:48]} Be6 {[%clk 0:44:02]}
16.g3 {[%clk 0:30:32]} fxg3 {[%clk 0:41:24]} 17.fxg3 {[%clk 0:30:46]}
O-O-O {[%clk 0:38:06]} 18.Rdf1 {[%clk 0:27:45]} g6 {[%clk 0:35:33]}
19.Nf4 {[%clk 0:25:59]} Qxg3 {[%clk 0:32:58]} 20.Nxe6 {[%clk 0:23:39]}
fxe6 {[%clk 0:33:16]} 21.Rhg1 {[%clk 0:22:44]} Qh2 {[%clk 0:31:20]}
22.Rh1 {[%clk 0:21:55]} Qg3 {[%clk 0:31:34]} 23.Rhg1 {[%clk 0:22:18]}
Qh2 {[%clk 0:31:55]} 24.Rh1 {[%clk 0:22:40]} Qg3 {[%clk 0:31:38]} 1/2-1/2

[Event "Team men PL"]
[Site "Sochi"]
[Date "2020.11.21"]
[Round "3.21"]
[White "Rublevsky, Sergei"]
[Black "Gaifullin, Artur"]
[Result "0-1"]
[BlackElo "2460"]
[WhiteElo "2653"]
[LiveChessVersion "1.4.8"]

1.e4 {[%clk 1:30:58]} c6 {[%clk 1:30:57]} 2.d4 {[%clk 1:31:22]}
d5 {[%clk 1:31:24]} 3.e5 {[%clk 1:31:48]} Bf5 {[%clk 1:31:50]}
4.Nd2 {[%clk 1:32:01]} e6 {[%clk 1:32:14]} 5.Nb3 {[%clk 1:32:27]}
Nd7 {[%clk 1:32:37]} 6.Nf3 {[%clk 1:32:26]} h6 {[%clk 1:33:02]}
7.Be2 {[%clk 1:32:03]} Ne7 {[%clk 1:33:27]} 8.O-O {[%clk 1:31:55]}
g5 {[%clk 1:33:50]} 9.Bd2 {[%clk 1:31:37]} a5 {[%clk 1:33:49]}
10.a4 {[%clk 1:31:28]} Bg7 {[%clk 1:34:14]} 11.c4 {[%clk 1:29:24]}
O-O {[%clk 1:34:36]} 12.Rc1 {[%clk 1:28:24]} dxc4 {[%clk 1:34:36]}
13.Bxc4 {[%clk 1:25:35]} c5 {[%clk 1:34:55]} 14.dxc5 {[%clk 1:11:01]}
Nc6 {[%clk 1:35:11]} 15.Bb5 {[%clk 1:04:54]} Ndxe5 {[%clk 1:29:24]}
16.Nxe5 {[%clk 1:04:16]} Bxe5 {[%clk 1:29:40]} 17.Bc3 {[%clk 1:04:16]}
Qxd1 {[%clk 1:13:34]} 18.Rfxd1 {[%clk 1:02:59]} Bf4 {[%clk 1:13:25]}
19.Nd2 {[%clk 0:42:30]} Bg4 {[%clk 1:11:44]} 20.Ne4 {[%clk 0:29:41]}
Bxd1 {[%clk 1:03:02]} 21.Nf6+ {[%clk 0:29:56]} Kg7 {[%clk 1:02:07]}
22.Nd7+ {[%clk 0:28:29]} f6 {[%clk 1:01:52]} 23.Rxd1 {[%clk 0:27:52]}
Rf7 {[%clk 0:56:08]} 24.Nxf6 {[%clk 0:27:05]} Be5 {[%clk 0:56:03]}
25.Bxe5 {[%clk 0:13:39]} Nxe5 {[%clk 0:56:27]} 26.Ne8+ {[%clk 0:14:07]}
Kf8 {[%clk 0:52:07]} 27.Re1 {[%clk 0:14:29]} Ng4 {[%clk 0:40:44]}
28.Nd6 {[%clk 0:11:26]} Re7 {[%clk 0:40:27]} 29.Bc4 {[%clk 0:10:48]}
Nf6 {[%clk 0:38:03]} 30.Bxe6 {[%clk 0:07:35]} Ra6 {[%clk 0:38:07]}
31.Re5 {[%clk 0:02:37]} Rc6 {[%clk 0:37:21]} 32.h4 {[%clk 0:00:49]}
b6 {[%clk 0:36:24]} 33.hxg5 {[%clk 0:01:01]} hxg5 {[%clk 0:36:52]}
34.Bd5 {[%clk 0:00:42]} Rxc5 {[%clk 0:36:42]} 35.Rf5 {[%clk 0:00:33]}
Rxd5 {[%clk 0:37:04]} 36.Rxf6+ {[%clk 0:00:58]} Kg7 {[%clk 0:37:32]} 0-1

[Event "Team men PL"]
[Site "Sochi"]
[Date "2020.11.21"]
[Round "3.22"]
[White "Makhmutov, Rail"]
[Black "Zvjaginsev, Vadim"]
[Result "0-1"]
[BlackElo "2602"]
[WhiteElo "2442"]
[LiveChessVersion "1.4.8"]

1.d4 {[%clk 1:30:57]} e6 {[%clk 1:30:48]} 2.c4 {[%clk 1:31:12]}
Nf6 {[%clk 1:30:53]} 3.Nf3 {[%clk 1:30:52]} a6 {[%clk 1:31:02]}
4.e3 {[%clk 1:27:52]} c5 {[%clk 1:29:35]} 5.Bd3 {[%clk 1:26:07]}
d5 {[%clk 1:28:20]} 6.b3 {[%clk 1:20:40]} cxd4 {[%clk 1:26:10]}
7.exd4 {[%clk 1:20:53]} Nc6 {[%clk 1:26:30]} 8.Bb2 {[%clk 1:20:11]}
g6 {[%clk 1:17:23]} 9.O-O {[%clk 1:19:35]} Bg7 {[%clk 1:17:48]}
10.Nbd2 {[%clk 1:18:15]} O-O {[%clk 1:16:20]} 11.Re1 {[%clk 1:17:47]}
b6 {[%clk 1:13:11]} 12.Qe2 {[%clk 1:10:35]} Bb7 {[%clk 1:12:02]}
13.Rad1 {[%clk 1:10:12]} dxc4 {[%clk 1:07:05]} 14.bxc4 {[%clk 1:09:58]}
b5 {[%clk 1:07:08]} 15.c5 {[%clk 0:59:38]} Nb4 {[%clk 1:01:18]}
16.Bb1 {[%clk 0:58:58]} Bd5 {[%clk 1:01:13]} 17.a3 {[%clk 0:50:53]}
Nc6 {[%clk 1:01:32]} 18.Nf1 {[%clk 0:50:57]} Bb3 {[%clk 0:50:49]}
19.Rd2 {[%clk 0:42:57]} Na5 {[%clk 0:47:42]} 20.Ne5 {[%clk 0:34:18]}
Nd5 {[%clk 0:44:41]} 21.Ne3 {[%clk 0:31:07]} Bxe5 {[%clk 0:34:57]}
22.Nxd5 {[%clk 0:29:22]} Bxh2+ {[%clk 0:34:10]} 23.Kxh2 {[%clk 0:29:51]}
Bxd5 {[%clk 0:31:28]} 24.Rdd1 {[%clk 0:27:59]} Nc6 {[%clk 0:29:24]}
25.Rh1 {[%clk 0:24:17]} b4 {[%clk 0:25:52]} 26.Kg1 {[%clk 0:21:25]}
bxa3 {[%clk 0:25:39]} 27.Bxa3 {[%clk 0:21:24]} Rb8 {[%clk 0:24:07]}
28.Qe3 {[%clk 0:17:03]} f5 {[%clk 0:23:10]} 29.Bc2 {[%clk 0:16:35]}
Rf7 {[%clk 0:22:20]} 30.Bc1 {[%clk 0:15:07]} Rb4 {[%clk 0:19:02]}
31.Qc3 {[%clk 0:11:10]} Qf6 {[%clk 0:16:35]} 32.Bb2 {[%clk 0:09:00]}
Rfb7 {[%clk 0:14:33]} 33.Ba1 {[%clk 0:09:20]} Qg5 {[%clk 0:14:07]}
34.f3 {[%clk 0:08:15]} Rc4 {[%clk 0:12:12]} 35.Qd2 {[%clk 0:07:58]}
Qxd2 {[%clk 0:11:58]} 36.Rxd2 {[%clk 0:08:27]} Na5 {[%clk 0:09:05]}
37.Kh2 {[%clk 0:03:09]} Nc6 {[%clk 0:07:24]} 38.Bd3 {[%clk 0:02:30]}
Ra4 {[%clk 0:07:32]} 39.Be2 {[%clk 0:02:30]} a5 {[%clk 0:06:45]}
40.Re1 {[%clk 0:31:16]} Ra3 {[%clk 0:36:11]} 41.Kg3 {[%clk 0:23:44]}
a4 {[%clk 0:35:16]} 42.Kf4 {[%clk 0:22:23]} h6 {[%clk 0:34:32]}
43.g4 {[%clk 0:19:20]} g5+ {[%clk 0:33:58]} 44.Kg3 {[%clk 0:19:49]}
f4+ {[%clk 0:33:46]} 45.Kf2 {[%clk 0:20:17]} Rbb3 {[%clk 0:31:03]} 0-1